Statystyki dla Konkurs Piosenki Eurowizji od 1956 do 2019

Kliknij tutaj aby rozwiązać quiz!

Ogólne statystyki

  • Ten quiz został rozwiązany 558 razy
  • Średni wynik to 179 z 192

Statystyki odpowiedzi

RokMiejsceArtystaUtwórKraj% Poprawnych
20171Salvador SobralAmar pelos doisPortugalia
98%
3Siergiej ŁazariewScreamRosja
98%
3Siergiej ŁazarewYou Are the Only OneRosja
98%
20081Dima BiłanBelieveRosja
98%
3SerebroSong #1Rosja
98%
2Dima BiłanNever Let You GoRosja
98%
3t.A.T.u.Nie wier', nie bojsiaRosja
98%
2AlsouSoloRosja
98%
2Buranowskije BabuszkiParty for EverybodyRosja
98%
2Polina GagarinaA Milion VoicesRosja
98%
3KalomiraSecret CombinationRosja
98%
19991Charlotte NilssonTake Me to Your HeavenSzwecja
98%
3Jan JohansenSe pa migSzwecja
98%
3Kikki DanielssonBra vibrationerSzwecja
98%
2Lill Lindfors & Svante ThuressonNygammal valsSzwecja
98%
19841HerreysDiggi-Loo Diggi-LeySzwecja
98%
3Eric SaadePopularSzwecja
98%
20121LoreenEuphoriaSzwecja
98%
3Carola HaggkvistFramlingSzwecja
98%
19911CarolaFangad av en stormvindSzwecja
98%
19741ABBAWaterlooSzwecja
98%
3Sanna NielsenUndoSzwecja
98%
20151Mans ZelmerlowHeroesSzwecja
98%
3One More TimeDen vildaSzwecja
98%
3Złata OgniewiczGravityUkraina
98%
20161Dżamała1944Ukraina
98%
2Ani LorakShady LadyUkraina
98%
20041RusłanaWild DancesUkraina
98%
2Wierka SerdiuczkaDancing Lasha TumbaiUkraina
98%
19901Toto CutugnoInsieme: 1992Włochy
98%
3Wess & Dori GhezziEraWłochy
98%
2Gigliola CinquettiSiWłochy
98%
3Umberto Tozzi & RafGente di mareWłochy
98%
3Domenico ModugnoNel blu dipinto di bluWłochy
98%
3Emilio PericoliUno per tutteWłochy
98%
19641Gigliola CinquettiNon ho l'etaWłochy
98%
2Raphael GualazziMadness of LoveWłochy
98%
2MahmoodSoldiWłochy
98%
3Il VoloGrande amoreWłochy
98%
20061LordiHard Rock HallelujahFinlandia
97%
3Mouth & MacNealI See a StarHolandia
97%
19751Teach-InDing-a-DongHolandia
97%
20191Duncan LaurenceArcadeHolandia
97%
1Lenny KuhrDe troubadourHolandia
97%
19591Teddy ScholtenEen beetjeHolandia
97%
19571Corry BrokkenNet als toenHolandia
97%
2The Common LinnetsCalm After the StormHolandia
97%
19821NicoleEin bißchen FriedenNiemcy
97%
2Lena ValaitisJohnny BlueNiemcy
97%
3SurpritzReise nach Jerusalem - Kudus'e seyahatNiemcy
97%
3MekadoWir geben 'ne PartyNiemcy
97%
2Katja EbsteinTheaterNiemcy
97%
3Katja EbsteinDiese WeltNiemcy
97%
3Mary RoosNur die Liebe laßt uns lebenNiemcy
97%
2WindLaß die Sonne in dein HerzNiemcy
97%
3Katja EbsteinWunder gibt es immer wiederNiemcy
97%
20101Lena Meyer-LandrutSatelliteNiemcy
97%
2WindFur alleNiemcy
97%
19851BobbysocksLa det swingeNorwegia
97%
20091Alexander RybakFairytaleNorwegia
97%
2Elisabeth AndreassenI evighetNorwegia
97%
3Ase KlevelandIntet er nytt under solenNorwegia
97%
19951Secret GardenNocturneNorwegia
97%
3Anne-Marie DavidJe suis l'enfant soleilFrancja
96%
2Joelli UrsullWhite and Black BluesFrancja
96%
19581Andre ClaveauDors, mon amourFrancja
96%
2Amina AnnabiC'est le dernier qui a parle a raisonFrancja
96%
3Jean GabilouHumanahumFrancja
96%
2Paule DesjardinsLa belle amourFrancja
96%
3Noelle CordierIl doit faire beau la-basFrancja
96%
19771Marie MyriamL'oiseau et l'enfantFrancja
96%
2Catherine FerryUn, deux, troisFrancja
96%
3Isabelle AubretLa sourceFrancja
96%
19691Frida BoccaraUn jour, un enfantFrancja
96%
3Guy MardelN'avoue jamaisFrancja
96%
19601Jacqueline BoyerTom PillibiFrancja
96%
19621Isabelle AubretUn premier amourFrancja
96%
3Jean PhilippeOui, oui, oui, ouiFrancja
96%
3Joel PrevostIl y aura toujours des violonsFrancja
96%
19681MassielLa, la, laHiszpania
96%
2Anabel CondeVuelve conmigoHiszpania
96%
2MocedadesEres tuHiszpania
96%
2KarinaEn un mundo nuevoHiszpania
96%
3BravoLady, LadyHiszpania
96%
1SalomeVivo cantandoHiszpania
96%
2Betty MissiegoSu cancionHiszpania
96%
2ImaaniWhere Are You?Wielka Brytania
96%
2Michael BallOne Step Out of TimeWielka Brytania
96%
19971Katrina and the WavesLove Shine a LightWielka Brytania
96%
3Jessica GarlickCome BackWielka Brytania
96%
2SoniaBetter the Devil You KnowWielka Brytania
96%
2Live ReportWhy Do I Always Get It Wrong?Wielka Brytania
96%
2Scott FitzgeraldGoWielka Brytania
96%
19761Brotherhood of ManSave Your Kisses fo MeWielka Brytania
96%
2Kathy KirbyI BelongWielka Brytania
96%
3Cliff RichardPower to All Our FriendsWielka Brytania
96%
2The New SeekersBeg, Steal or BorrowWielka Brytania
96%
2Mary HopkinKnock Knock, Who's There?Wielka Brytania
96%
2Lynsey De Paul & Mike MoranRock BottomWielka Brytania
96%
1LuluBoom Bang-a-BangWielka Brytania
96%
2Cliff RichardCongratulationsWielka Brytania
96%
3Prima DonnaLove Enough for TwoWielka Brytania
96%
2The ShadowsLet Me Be the OneWielka Brytania
96%
19671Sandie ShawPuppet on a StringWielka Brytania
96%
19811Bucks FizzMaking Your Mind UpWielka Brytania
96%
2Matt MonroI Love the Little ThingsWielka Brytania
96%
2The AllisonsAre You Sure?Wielka Brytania
96%
2Pearl Carr & Teddy JohnsonSing, Little BirdieWielka Brytania
96%
2Bryan JohnsonLooking High, High, HighWielka Brytania
96%
3Cesar SampsonNobody But YouAustria
95%
19661Udo JurgensMerci CherieAustria
95%
20141Conchita WurstRise Like a PhoenixAustria
95%
2Edyta GórniakTo nie ja!Polska
95%
2Marc RobertsMysterious WomanIrlandia
94%
3The Swarbriggs Plus TwoIt's Nice to Be in Love AgainIrlandia
94%
19701DanaAll Kinds of EverythingIrlandia
94%
19961Eimear QuinnThe VoiceIrlandia
94%
19871Johnny LoganHold Me NowIrlandia
94%
19801Johnny LoganWhat's Another YearIrlandia
94%
2Linda MartinTerminal 3Irlandia
94%
19941Paul Harrington & Charlie McGettiganRock 'n' Roll KidsIrlandia
94%
2Sean DunphyIf I Could ChosseIrlandia
94%
2Liam ReillySomewhere in EuropeIrlandia
94%
19931NiamhIn Your EyesIrlandia
94%
19921Linda MartinWhy Me?Irlandia
94%
2Zeljko JoksimovićLane mojeSerbia i Czarnogóra
94%
2Ester OfarimT'en va pasSzwajcaria
94%
2Lys AssiaGiorgioSzwajcaria
94%
3Franca Di RienzoNous aurons demainSzwajcaria
94%
19561Lys AssiaRefrainSzwajcaria
94%
19881Celine DionNe partez pas sans moiSzwajcaria
94%
3Annie CottonMoi, tout simplementSzwajcaria
94%
2Daniela SimsonsPas pour moiSzwajcaria
94%
3Arlette ZolaAmour on t'aimeSzwajcaria
94%
3Birthe Wilke & Gustav WincklerSkibet skal sejle i natDania
93%
20001Olsen BrothersFly on the Wings of LoveDania
93%
20131Emmelie de ForestOnly TeardropsDania
93%
2Rollo & KingNever Ever Let You GoDania
93%
19631Grethe & Jorgen IngmannDanseviseDania
93%
3Birthe KjærVi maler byen rodDania
93%
3Hot EyesKa' du se hva' jeg sa'?Dania
93%
2Urban TradSanomiBelgia
92%
2Jean ValleeL'amour ca fait chanter la vieBelgia
92%
19861Sandra KimJ'aime la vieBelgia
92%
3Sakis RuwasShake ItGrecja
92%
20051Elena PaparizouMy Number OneGrecja
92%
3Antique(I Would) Die for YouGrecja
92%
19981Dana InternationalDivaIzrael
92%
2Avi ToledanoHoraIzrael
92%
3Duo DatzKanIzrael
92%
20181NettaToyIzrael
92%
2Ofra HazaKhayIzrael
92%
19791Gali Atari & Milk and HoneyHallelujahIzrael
92%
3Zeljko JoksimovićNije ljubav stvarSerbia
92%
20071Marija SerifovićMolitvaSerbia
92%
3Kristian KostowBeautiful MessBułgaria
89%
3SahleneRunawayEstonia
89%
20011Tanel Padar, Dave Benton & 2XLEverybodyEstonia
89%
3BrainstormMy StarŁotwa
89%
20021Marie NI WannaŁotwa
89%
3Sebnem PakerDinleTurcja
88%
20031Sertab ErenerEveryway That I CanTurcja
88%
2maNgaWe Could Be the SameTurcja
88%
2Dami ImSound of SilenceAustralia
87%
2SelmaAll Out of LuckIslandia
87%
2YohannaIs It True?Islandia
87%
19651France GallPoupee de cire, poupee de sonLuksemburg
87%
19731Anne-Marie DavidTu te reconnaitrasLuksemburg
87%
19831Corinne HermesSi la vie est cadeauLuksemburg
87%
3Sherisse StevensL'amour de ma vieLuksemburg
87%
19721Vicky LeandrosApre toiLuksemburg
87%
19611Jean-Claude PascalNous, les amoureuxLuksemburg
87%
3Camillo FelgenPetit bonhommeLuksemburg
87%
3Luminita Anghel and SistemLet Me TryRumunia
87%
3Paula Seling & OviPlaying witk FireRumunia
87%
2SunStroke ProjectHey, Mamma!Mołdawia
85%
20111Ell & NikkiRunning ScaredAzerbejdżan
83%
3Aysel Teymurzadə & ArashAlwaysAzerbejdżan
83%
2Fərid MəmmədovHold MeAzerbejdżan
83%
2Eleni FureiraFuegoCypr
80%
2ChiaraAngelMalta
79%
3Mary SpiteriLittle ChildMalta
79%
2Ira Losco7th WonderMalta
79%
3ChiaraThe One That I LoveMalta
79%
19711SeverineUn banc, un arbre, une rueMonako
73%
2Francois DegueltDis rienMonako
73%
3Francois DegueltCe soir-laMonako
73%
3Mary CristyToi, la musique et moiMonako
73%
3Romuald FiguierOu sont-elles passees?Monako
73%
3Hari Mata HariLejlaBośnia i Hercegowina
71%
19891RivaRock MeJugosławia
66%
19781Jizhar Kohen & AlphabetaA-Ba-Ni-BiIzreal
15%

Rozkład punktacji

Percentyl według liczby udzielonych odpowiedzi

Procent ludzi z każdym wynikiem

Twoja historia wyników

Nie rozwiązałeś tego quizu